000 00496nam a22002057a 4500
001 22156
005 20260330105752.0
008 260330b |||||||| |||| 00| 0 spa d
041 _aESP
082 _a346.24
_bA23
100 _aGarcía Cantero, Gabriel
245 _aEl matrimonio: ¿Contrato basura o bien social?
260 _a :
_b ,
_c2008
300 _a250 páginas :
_b ;
_c18 cm.
440 _a ;
650 _aCIS
654 _aCHU
700 _a;
942 _cLIB
_dJUS
_fJUS
_n0
_2ddc
999 _c22156
_d22156